|
|
|
|
| LEADER |
00000cam a22000004a 4500 |
| 001 |
musev2_50591 |
| 003 |
MdBmJHUP |
| 005 |
20230905045218.0 |
| 006 |
m o d |
| 007 |
cr||||||||nn|n |
| 008 |
170313s2016 utu o 00 0 eng d |
| 020 |
|
|
|a 9781607815150
|
| 020 |
|
|
|z 9781607815143
|
| 035 |
|
|
|a (OCoLC)975186942
|
| 040 |
|
|
|a MdBmJHUP
|c MdBmJHUP
|
| 100 |
1 |
|
|a Abbott, Scott H.,
|e author.
|
| 245 |
1 |
0 |
|a Immortal for Quite Some Time /
|c Scott Abbott.
|
| 264 |
|
1 |
|a Salt Lake City :
|b The University of Utah Press,
|c [2016]
|
| 264 |
|
3 |
|a Baltimore, Md. :
|b Project MUSE,
|c 2017
|
| 264 |
|
4 |
|c ©[2016]
|
| 300 |
|
|
|a 1 online resource (240 pages).
|
| 336 |
|
|
|a text
|b txt
|2 rdacontent
|
| 337 |
|
|
|a computer
|b c
|2 rdamedia
|
| 338 |
|
|
|a online resource
|b cr
|2 rdacarrier
|
| 505 |
0 |
|
|a Autopsy; Incalculable Territory; [John's Green and Tan Notebook #1]; I Try to Be Myself ... as Well as; [John's Yellow Notebook #1]; Variations on Desire; [John's Blue Notebook]; Horror Vacui; [John's Green and Tan Notebook #2]; Our Feet Are the Same; [John's Blue and Tan Notebook]; Denouncing the Xenophobic Country I Still Love; [John's Yellow Notebook #2]; Home Again; Epilogue; Acknowledgments
|
| 588 |
|
|
|a Description based on print version record.
|
| 600 |
1 |
7 |
|a Abbott, Scott H.
|2 fast
|0 (OCoLC)fst01989884
|
| 600 |
1 |
0 |
|a Abbott, John Herbert,
|d 1951-1991.
|
| 600 |
1 |
0 |
|a Abbott, Scott H.
|
| 650 |
|
7 |
|a Mormons.
|2 fast
|0 (OCoLC)fst01026314
|
| 650 |
|
7 |
|a Homosexuality
|x Religious aspects
|x Mormon Church.
|2 fast
|0 (OCoLC)fst00959801
|
| 650 |
|
7 |
|a RELIGION
|x Christianity
|x Denominations.
|2 bisacsh
|
| 650 |
|
7 |
|a BIOGRAPHY & AUTOBIOGRAPHY
|x Religious.
|2 bisacsh
|
| 650 |
|
6 |
|a Homosexualite
|x Aspect religieux
|x Église mormone.
|
| 650 |
|
6 |
|a Mormons
|z États-Unis
|v Biographies.
|
| 650 |
|
0 |
|a Homosexuality
|x Religious aspects
|x Mormon Church.
|
| 650 |
|
0 |
|a Mormons
|z United States
|v Biography.
|
| 651 |
|
7 |
|a United States.
|2 fast
|0 (OCoLC)fst01204155
|
| 655 |
|
7 |
|a Biographies.
|2 rvmgf
|
| 655 |
|
7 |
|a Biographies.
|2 lcgft
|
| 655 |
|
7 |
|a Biographies.
|2 fast
|0 (OCoLC)fst01919896
|
| 655 |
|
2 |
|a Biography
|
| 655 |
|
7 |
|a Electronic books.
|2 local
|
| 710 |
2 |
|
|a Project Muse.
|e distributor
|
| 830 |
|
0 |
|a Book collections on Project MUSE.
|
| 856 |
4 |
0 |
|z Texto completo
|u https://projectmuse.uam.elogim.com/book/50591/
|
| 945 |
|
|
|a Project MUSE - Custom Collection
|
| 945 |
|
|
|a Project MUSE - 2017 Complete
|
| 945 |
|
|
|a Project MUSE - 2017 Global Cultural Studies
|